RF Design Software Learning Kit: (Record no. 588477)

000 -LEADER
fixed length control field 00449nam a22001217a 4500
020 ## - INTERNATIONAL STANDARD BOOK NUMBER
International Standard Book Number 9781544219080
082 ## - DEWEY DECIMAL CLASSIFICATION NUMBER
Classification number 621.38412
Author Mark DES
245 ## - TITLE STATEMENT
Title RF Design Software Learning Kit:
Remainder of title step by step examples on using ads software an introductory RF/Microwave course /
Statement of responsibility, etc. Edited by Keysight Technologies
260 ## - PUBLICATION, DISTRIBUTION, ETC.
Place of publication, distribution, etc. U.S.A. :
Name of publisher, distributor, etc. Keysight Technologies,
Date of publication, distribution, etc. 2017.
300 ## - PHYSICAL DESCRIPTION
Extent 170p. ;
Dimensions 28 cm.
942 ## - ADDED ENTRY ELEMENTS (KOHA)
Source of classification or shelving scheme
Koha item type Book
Holdings
Withdrawn status Lost status Source of classification or shelving scheme Damaged status Not for loan Permanent Location Current Location Date acquired Source of acquisition Total Checkouts Total Renewals Full call number Barcode Date last seen Date last checked out Price effective from Koha item type
          Central Library (CL) Central Library (CL) 03/01/2022 Allied Book Company 1 2 621.38412 DES CL-959 05/19/2025 01/28/2025 03/01/2022 Book
© 2023 Central Library, National University of Sciences and Technology. All Rights Reserved.